| 000 | 00467nam a22001817a 4500 | ||
|---|---|---|---|
| 003 | MPLRDC | ||
| 005 | 20220104113738.0 | ||
| 008 | 210129b ||||| |||| 00| 0 eng d | ||
| 020 | _a7-80195-121-2 | ||
| 082 | _a146.42 ROU-2 | ||
| 100 | _aJEAN JACQUES ROUSSEAU | ||
| 245 |
_a卢梭民主哲学 _c陈惟和等译 |
||
| 250 | _a第一版 | ||
| 260 |
_a中国 _b九州出版社 _c2004 |
||
| 300 | _b平 | ||
| 650 | _a法国哲学--卢梭 | ||
| 942 |
_cBK _o146.42 ROU-2 |
||
| 999 |
_c2030 _d2020 |
||